000 00500nab a2200145Ia 4500
003 ES-SlBCS
005 20220906011050.0
008 140529s1984 xxu||||| |||| 00| 0 eng d
041 _aeng
100 1 _aFóti, Véronique M.
_950153
245 0 0 _aHeidegger: Remembrance and Metaphysics
_c Véronique M. Fóti
600 1 0 _aHeidegger, Martín
_d(1889-1976)
_917559
773 0 _tJbsp (Journal of the British Society for Phenomenology, The)
_gvol. 15, nº. 3, 1984, págs. 243-246
_wRev1653
942 _cAR
999 _c516072
_d516072